000 003260000a22001570004500
001 001592
003 MACL
040 _aMACL
090 _c13585
_d13584
100 _aDutta, Abhijit
245 _aMother Durga
_cAbhijit Dutta
260 _aReaders Service,
_c2003
350 _a450
650 _aReligion
942 _k291
_cBook
999 _c13512
_d13512